000 00567nam a2200193Ia 4500
008 090124s9999 xx 000 0 und d
082 _b125594
100 _aआर्चर जेफ्री
245 _a केन अँड अॅनेल
250 _a1
260 _c1991
300 _a211
600 _aआर्चर जेफ्री
630 _a केन अँड अॅनेल
700 _aबापट म. वि.
700 _aआर्चर जेफ्री
730 _a केन अँड अॅनेल
942 _cBOOK
999 _c171684
_d171684